Southville International School and Colleges
Your cart is empty.
  • Cart
  • Lists
    Public lists Eva Luna New books Lux_list list_1
    Your lists Log in to create your own lists
  • Log in to your account
  • Your cookies
  • Search history
Southville International School and Colleges
  • Advanced search
  • Recent comments
  • Most popular
  • Libraries

Log in to your account

Log in with GOOGLE


If you do not have an external account, but do have a local account, you can still log in:

  1. Home
  2. MARC view: Seven sillies /
Normal view MARC view ISBD view

Seven sillies / (Record no. 103441)

[ view plain ]
MARC details
000 -LEADER
fixed length control field 00717nam a2200181 a 4500
005 - DATE AND TIME OF LATEST TRANSACTION
control field 20140412111302.0
008 - FIXED-LENGTH DATA ELEMENTS--GENERAL INFORMATION
fixed length control field 010424s19uu xx 00 eng d
020 ## - INTERNATIONAL STANDARD BOOK NUMBER
International Standard Book Number 0-307-17504-9
050 ## - LIBRARY OF CONGRESS CALL NUMBER
Classification number TR(PS E
Item number Se1 1993
100 ## - MAIN ENTRY--PERSONAL NAME
Personal name Dunbar, Joyce
245 ## - TITLE STATEMENT
Title Seven sillies /
Statement of responsibility, etc written by Joyce Dunbar; illustrated by Chris Downing.
260 ## - PUBLICATION, DISTRIBUTION, ETC. (IMPRINT)
Place of publication, distribution, etc New York :
Name of publisher, distributor, etc An Artists & Writers Guild Bool,
Date of publication, distribution, etc 1994.
300 ## - PHYSICAL DESCRIPTION
Extent 1 v. (unp.) ; ill.
520 ## - SUMMARY, ETC.
Summary, etc After Pig, Sheep, Goat, Rabbit, Hen, and Mouse become so enamored of their reflections in the pond that they jump in, it is Frog who tricked them who ends up as the silliest of all.
650 ## - SUBJECT ADDED ENTRY--TOPICAL TERM
Topical term or geographic name as entry element Animals-Fiction
650 ## - SUBJECT ADDED ENTRY--TOPICAL TERM
Topical term or geographic name as entry element Pride and vanity-Fiction
Holdings
Withdrawn status Lost status Damaged status Home library Current library Shelving location Date acquired Source of acquisition Total Checkouts Full call number Barcode Date last seen Price effective from Koha item type
      Elizalde Library Elizalde Library Teachers Reference Section 04/24/2001     TR(PS E Se1 1993 E4837 04/12/2014 04/12/2014 Books

Seven sillies /

APA

Dunbar J., . (1994). Seven sillies. New York: An Artists & Writers Guild Bool.

Chicago

Dunbar Joyce, . 1994. Seven sillies. New York: An Artists & Writers Guild Bool.

Harvard

Dunbar J., . (1994). Seven sillies. New York: An Artists & Writers Guild Bool.

MLA

Dunbar Joyce, . Seven sillies. New York: An Artists & Writers Guild Bool. 1994.

  • Place hold
  • Print
  • Cite
  • Add to your cart (remove)
  • Save record
    BIBTEX Dublin Core MARCXML MARC (non-Unicode/MARC-8) MARC (Unicode/UTF-8) MARC (Unicode/UTF-8, Standard) MODS (XML) RIS
  • More searches
    Search for this title in:
    Other Libraries (WorldCat) Other Databases (Google Scholar) Online Stores (Bookfinder.com) Open Library (openlibrary.org)

Exporting to Dublin Core...

SOUTHVILLE LIBRARY

Southville International School and Colleges Library

1281 Tropical Ave. Cor. Luxembourg St., BF Homes International, Las Pinas City

Tel. No. 8256374 / 252358 Loc. 117/146

Powered by Koha